| 000 | 01060cam a2200265 454500 | ||
|---|---|---|---|
| 005 | 20260112063320.0 | ||
| 010 | _a73-089972 | ||
| 020 | _a0674049756 | ||
| 039 |
_a202504241547 _bstaff _c202111101047 _d staff _c202011061548 _d staff _c201704191045 _d staff _y 201411201621 _z staff |
||
| 082 |
_a915.033 _bHAY [ Shelf 3 ] |
||
| 100 | _aHay, Stephen N. | ||
| 245 |
_aAsian ideas of east and west; _bTagore and his critics in Japan, China, and India / _cStephen N. Hay. |
||
| 260 |
_aCambridge, _bHarvard University Press, _c1970. |
||
| 300 |
_axv, 480 p. _bmaps, ports. _c25 cm. |
||
| 440 |
_aHarvard East Asian series, _v 40 |
||
| 504 | _aBibliography: p. [413]-446. | ||
| 650 | _aEast and West. | ||
| 650 |
_aTagore, Rabindranath, _d 1861-1941. |
||
| 906 |
_a7 _bcbc _corignew _d u _e ncip _f 19 _g y-gencatlg |
||
| 985 | _f bg15 4-3-85 | ||
| 991 |
_b c-GenColl _h CB251 _i .H35 _p 00009870258 _t Copy 1 _w BOOKS |
||
| 991 | _aVIRTUA | ||
| 991 | _aVTLSSORT0080*0100*0200*0820*1000*2450*2600*3000*4400*5040*6500*6501*9060*9850*9910*9992 | ||
| 909 | _a5140 | ||
| 999 |
_c4603 _d4603 |
||